000 00508nam a2200205Ia 4500
008 170918s9999 xx 000 0 und d
020 _a9780590639187
050 _bP235 1998
100 _aPark, Barbara
245 _aBeauty shop guy /
245 _cBarbara Park ; illustrated by Denise Brunkus.
260 _aNew York :
260 _bScholastic,
260 _c1998
300 _a67 pages :
300 _bcolored illustration ;
300 _c19cm.
440 _aJunie B. Jones.
500 _a390
999 _c341274
_d341274